Les 10 villes les plus peuplées du Tarn-et-Garonne (82) - Statistiques

Statistiques générales
  • Ce quiz a été pris 33 fois
  • Le résultat moyen est 5 sur 10
Statistiques - réponses
Population Communes % Correct
62 500 Montauban
100%
13 700 Moissac
82%
14 300 Castelsarrasin
79%
6 900 Caussade
57%
6 700 Montech
57%
5 300 Valence
46%
4 300 Montbeton
32%
5 800 Nègrepelisse
29%
4 900 Verdun-sur-Garonne
29%
4 200 Grisolles
25%
Aucun quiz correspondant
Distribution des résultats
% des personnes avec chaque résultat
Percentile par nombre de réponses
Votre historique - résultats
Vous n’avez pas pris ce quiz